000 00446cam a2200193ua 4500
001 10497
008 190311n ii |||gr||||Z||||||asm
020 _a9788173394966
040 _cMAIN
041 _aasm
082 _a891.4518
100 _aArupa Patangia Kalita,
_eAuthor.
245 _aPahar nadi sagar aru manuh
250 _a1st ed.
260 _aDibrugarh:
_bBanalata,
_c2011.
300 _a218p.
653 _aTravelogue
942 _cBK
999 _c9481
_d9481